000 00860nmm a2200253 a 4500
001 ocm000703724
003 TR-IsHL
005 20201028141821.0
008 131226s1987 tu tur
007 cr cn
035 _a703724
_b(N$T)
050 0 4 _aBP50.S25
_bG69 1987
090 0 4 _aBP50.S25
_bG69 1987
100 1 _aGöze, Ergun
245 1 0 _aPeygamberimiz ve dört halifesinden örnekler
_h[electronic resource] /
_cErgun Göze
260 _aİstanbul :
_bTürk Dünyası Araştırmaları Vakfı Yayınları,
_c1987
300 _a160 p.
650 4 _aFelsefe, Psikoloji ve Din
650 4 _aPhilosophy, Psychology and Religion
650 0 _aİslam
_x Tarih
650 0 _aIslam
_x History
650 7 _aRELIGION / Islam / History
_2bisacsh
856 4 0 _uhttp://search.ebscohost.com/login.aspx?direct=true&scope=site&db=e011xww&AN=703724
999 _c8019
_d8019